| 000 | 00597nam a2200205Ia 4500 | ||
|---|---|---|---|
| 003 | GCL | ||
| 008 | 140319s9999 xx 000 0 ara d | ||
| 040 |
_aGCL / _cGCL |
||
| 082 | 0 | 4 |
_a811.064 _bب ش |
| 100 | 1 | _aبدر احمد ضيف | |
| 245 | 1 | 0 |
_aشعر سابق بن عبد الله البربرى / _cبدر احمد ضيف |
| 260 |
_a[S.N] : _bدار المعرفة الجامعية ، _c1987 |
||
| 300 | _a151 ص | ||
| 490 | _a | ||
| 650 | 0 | 4 | _aالشعر |
| 650 | 0 | 4 | _aالشعر الصوفى |
| 650 | 0 | 4 | _aصدر الاسلام |
| 650 | 0 | 4 | _aتاريخ ونقد |
| 942 |
_2ddc _cBK |
||
| 999 |
_c39735 _d39735 |
||